000 00665nam a2200265Ia 4500
003 OSt
005 20221006155703.0
006 a|||||r|||| 00| 0
007 ta
008 221006b |||||||| |||| 00| 0 chi d
024 _a43,082
037 _cTextual
040 _aEASL
_cEASL
_bchi
041 _2chi
_achi
082 _aO41, K4.
100 _aLiang Tongzhe
_9670056
245 0 _aChuzhong Wenxuan
260 _aTaibei
_bGuoyu Ribaoshe China
_c1964
300 _ap.
_ccm.
490 _v V.2CCL
650 _aCCL
700 _a Qi Tiehen
_9670057
942 _hO41, K4.
_cTEXL
_2CC
999 _c1111168
_d1111168